La guerra en Rumanía (Record no. 77835)

MARC details
000 -LEADER
campo de control de longitud fija 00778nam a2200217 i 4500
001 - NÚMERO DE CONTROL
campo de control 77835
003 - IDENTIFICADOR DE NÚMERO DE CONTROL
campo de control ES-MaACL
005 - FECHA Y HORA DE LA ÚLTIMA TRANSACCIÓN
campo de control 20230906173412.0
007 - CAMPO FIJO DE DESCRIPCIÓN FÍSICA--INFORMACIÓN GENERAL
campo de control de longitud fija t|
008 - DATOS DE LONGITUD FIJA--INFORMACIÓN GENERAL
campo de control de longitud fija 041111s1932 sp ||||1| spa d
080 ## - NÚMERO DE LA CLASIFICACIÓN DECIMAL UNIVERSAL
Número de la Clasificación Decimal Universal 355.48(498)"1914/18"
100 1# - ENTRADA PRINCIPAL--NOMBRE DE PERSONA
Nombre de persona Villegas Gardoqui, Manuel.
9 (RLIN) 115219
245 13 - MENCIÓN DEL TÍTULO
Título La guerra en Rumanía
Resto del título : (operaciones de Transilvania, año 1916) /
Mención de responsabilidad, etc. por... Manuel Villegas Gardoqui.
260 ## - PUBLICACIÓN, DISTRIBUCIÓN, ETC.
Lugar de publicación, distribución, etc. Toledo :
Nombre del editor, distribuidor, etc. [s.n.],
Fecha de publicación, distribución, etc. 1932 (
Fabricante Rodríguez Impresor)
300 ## - DESCRIPCIÓN FÍSICA
Extensión 156 p., 7 map. pleg. ;
Dimensiones 19 cm.
490 1# - MENCIÓN DE SERIE
Mención de serie Colección Bibliográfica Militar ;
Designación de volumen o secuencia 47
650 14 - PUNTO DE ACCESO ADICIONAL DE MATERIA--TÉRMINO DE MATERIA
Término de materia o nombre geográfico como elemento de entrada Guerra mundial, 1914-1918-
Subdivisión general Campañas-
Subdivisión geográfica Rumanía.
9 (RLIN) 13215
830 0# - PUNTO DE ACCESO ADICIONAL DE SERIE-TÍTULO UNIFORME
Título uniforme Colección Bibliográfica Militar ;
Designación de volumen o secuencia 47
9 (RLIN) 183564
852 ## - LOCALIZACIÓN
Ubicación ES-MaACL
Número de control de estantería E-10323
Sublocalización o colección R.133638
Holdings
Estatus retirado Estado de pérdida Estado de daño No para préstamo Biblioteca de origen Biblioteca actual Ubicación en estantería Fecha de adquisición Fuente de adquisición Total de préstamos Signatura topográfica completa Código de barras Visto por última vez Precio de reemplazo Tipo de ítem Koha
        Biblioteca del Ateneo de Madrid Biblioteca del Ateneo de Madrid Depósito 2 17/01/2008     E-10323 1081430 23/02/2023 23/02/2023 Libro impreso